UBT Library

Managerial accounting: (Record no. 1350)

000 -LEADER
fixed length control field 00510nam a22001697a 4500
008 - FIXED-LENGTH DATA ELEMENTS--GENERAL INFORMATION
fixed length control field 151103b xxu||||| |||| 00| 0 eng d
020 ## - INTERNATIONAL STANDARD BOOK NUMBER
International Standard Book Number 9780470920480
041 0# - LANGUAGE CODE
Language code of text/sound track or separate title eng
080 ## - UNIVERSAL DECIMAL CLASSIFICATION NUMBER
Universal Decimal Classification number 658.15
245 10 - TITLE STATEMENT
Title Managerial accounting:
Statement of responsibility, etc Jerry J. Weygandt; Paul D. Kimmel; Donald E. Kieso;
250 ## -
-- 5th. ed.
260 ## -
-- USA:
-- John Wiley & Sons, Inc.
-- 2011.
300 ## -
-- 697 f.:
-- me il.;
-- 24 cm.
650 #0 -
-- Kontabilitet
650 #0 -
-- Menaxherial
942 ## - ADDED ENTRY ELEMENTS (KOHA)
Source of classification or shelving scheme
Item type Books
Holdings
Withdrawn status Lost status Source of classification or shelving scheme Damaged status Not for loan Collection code Permanent location Current location Shelving location Date acquired Total Checkouts Full call number Barcode Date last seen Koha item type
          Koleksioni i përgjithshem UBT - Lipjan UBT - Lipjan Koleksioni i përgjithshem 11/03/2015   658.15 WEY 002-008712 11/03/2015 Books
UBT Library © 2015-2024. All rights reserved University Education for Business and Technology